000 00346nam a22001457a 4500
003 OSt
005 20160727222411.0
008 160624b xxu||||| |||| 00| 0 eng d
040 _cRichmond, B
100 _9986
_aRichmond, B
245 _aRecyled NUN
260 _aUNITED STATE OF AMERICA
_bLITTLE HOUSE
300 _aRecyled NUN
942 _2ddc
_cBK
999 _c785
_d785